• 首页
  • 本馆介绍
  • 公告通知
  • 最新文献
  • 馆藏检索
  • 电子资源
  • 读者导购
  • 参考咨询
  • 我的图书馆
  • 登录
  • 详细信息显示
  • 放入我的书架
  • 预约/预借图书
  • 作者相关作品
  • 分类相关作品
  • 丛书相关作品
  • 出版社相关作品

书目信息

  • 表格格式
  • 工作单格式
  • 卡片格式
题名:
微波技术与天线
    
 
作者: 王新稳 编著
分册:  
出版信息: 北京   电子工业出版社  2006.12
页数: 286页
开本: 26cm
丛书名:
单 册:
中图分类: TN015
科图分类:
主题词: 微波技术--wei bo ji shu--微波天线--高等教育--教材
电子资源:
ISBN: 7-121-02992-8
000 00957nam2 2200277 450
001 0100000464
005 20070702102702.47
010    @a7-121-02992-8@dCNY25.00
100    @a20061013d2006 ekmy0chiy50 ea
101 0  @achi
102    @aCN@b110000
105    @aa aj 000yy
200 1  @a微波技术与天线@Awei bo ji shu yu tian xian@f王新稳等编著@Fwang xin wen deng bian zhu
205    @a2版
210    @a北京@c电子工业出版社@d2006.12
215    @a286页@c图@d26cm
300    @a普通高等教育“十一五”国家级规划教材 电子信息科学与工程类专业
320    @a本书末附参考文献
330    @a本书分为4章,第1章至第3章为微波技术部分;第4章为天线部分,主要内容有:长线理论、理想波导系统的一般理论分析、规则波导传输线等。
606 0  @a微波技术@Awei bo ji shu@a微波天线@x高等教育@j教材
690    @aTN015@v4
701  0 @a王新稳@Awang xin wen@4编著
801  0 @aCN@bYXSD@c20070702
901    @a1111
905    @aBZT@dTN015@e1@f6
906    @dCNY25.00@n0@r1
    
    微波技术与天线/王新稳等编著.-2版.-北京:电子工业出版社,2006.12
    286页:图;26cm
    普通高等教育“十一五”国家级规划教材 电子信息科学与工程类专业
    
    ISBN 7-121-02992-8:CNY25.00
    本书分为4章,第1章至第3章为微波技术部分;第4章为天线部分,主要内容有:长线理论、理想波导系统的一般理论分析、规则波导传输线等。
●
相关链接 在五车中查询图书 在当当中查询图书 在豆瓣中查询图书


正题名:微波技术与天线     索取号:TN015/1         预约/预借

序号 登录号 条形码 馆藏地/架位号 状态 备注
1 0568808   230190443   样本书库/样004架B面4层1列/ [索取号:TN015/1] 在馆    
2 0568809   230190442   中心书库中库/ 中库029架A面7列3层32/ [索取号:TN015/1] 在馆    
3 0568810   230190441   中心书库中库/ 中库029架A面7列3层34/ [索取号:TN015/1] 在馆    
4 0568811   230190440   中心书库中库/ 中库029架A面7列3层35/ [索取号:TN015/1] 在馆    
5 0568812   230190439   中心书库中库/ 中库029架A面7列3层36/ [索取号:TN015/1] 在馆    
6 0568813   230190438   中心书库中库/ 中库029架A面7列3层33/ [索取号:TN015/1] 在馆    
山东省滨州职业学院图书馆 欢迎您!
大连网信软件有限公司© 版权所有